| 000 | 00432cam a2200181ua 4500 | ||
|---|---|---|---|
| 001 | 10632 | ||
| 008 | 190322n ii |||gr||||Z||||||eng | ||
| 020 | _a9789327266320 | ||
| 040 | _cMAIN | ||
| 082 | _a338.04 | ||
| 100 |
_aRana Bijoy Deb, _eAuthor. |
||
| 245 | _aFundamentals of entrepreneurship | ||
| 250 | _a2nd ed. | ||
| 260 |
_aLudhiana: _bKalyani publishers, _c2016. |
||
| 300 | _a261p. | ||
| 653 | _aProduction | ||
| 942 | _cBK | ||
| 999 |
_c9604 _d9604 |
||